| 000 | 01026nam a2200289Mi 4500 | ||
|---|---|---|---|
| 005 | 20151027143447.0 | ||
| 008 | 151020s2015 sp fr 000 0 spa d | ||
| 020 | _a9788494367601 | ||
| 035 | _a(OCoLC)913116072 | ||
| 040 |
_aCO-BoUCM _bspa _cSandra Palacio _dSandra Palacio |
||
| 041 | 1 | _aspa | |
| 100 | 1 |
_aSolnit, Rebecca _972549 |
|
| 245 | 1 | 0 |
_aWanderlust _buna historia del caminar _cRebecca Solnit ; Traducción de Álvaro Matus |
| 260 |
_aMadrid (España) _bCapitán Swing _c2015 |
||
| 300 | _a463 páginas | ||
| 490 | 0 | _aEntrelíneas | |
| 504 | _aIncluye referencias bibliográficas | ||
| 650 | 7 |
_99185 _aAntropología _vEnsayos |
|
| 650 | 7 |
_924231 _aSeres humanos _xAspectos sociológicos |
|
| 650 | 7 |
_924802 _aSociología histórica _vEnsayos |
|
| 650 | 7 |
_aTeoría del conocimiento _925303 |
|
| 690 |
_942814 _aFilosofía |
||
| 700 | 1 |
_aMatus, Álvaro _etraductor _972550 |
|
| 765 | 1 | _tWanderlust: a history of walking | |
| 942 |
_2DEWEY _a2 _cLIBRO _e1 _h121 _mS688wa |
||
| 999 |
_c301443 _d301443 |
||